Sports Quiz

Random Sports or Soccer Quiz
Score 0/143 Timer 16:00
11 Plays Today
% Correct
Marco Reus
92.9%
Marco Reus
90.8%
Marco Reus
90.1%
Robert Lewandowski
89.4%
Robert Lewandowski
89.2%
Robert Lewandowski
88.8%
Mario Götze
87.4%
Mario Götze
87%
Mats Hummels
86.9%
Mats Hummels
86.8%
Mats Hummels
86.3%
Mario Götze
86.1%
Mario Götze
85.8%
Roman Weidenfeller
81.2%
Roman Weidenfeller
80.9%
Pierre-Emerick Aubameyang
80.7%
Roman Weidenfeller
80.6%
Roman Weidenfeller
80.3%
Pierre-Emerick Aubameyang
79.5%
Pierre-Emerick Aubameyang
79.2%
Roman Bürki
73.2%
Roman Bürki
70.8%
Neven Subotic
70.1%
Neven Subotic
69.9%
Marcel Schmelzer
69.8%
Marcel Schmelzer
69.7%
Roman Bürki
69.5%
Jadon Sancho
69.1%
Marcel Schmelzer
69%
Marcel Schmelzer
68.6%
Shinji Kagawa
68.3%
Marcel Schmelzer
68.2%
Marcel Schmelzer
68.2%
Neven Subotic
68%
İlkay Gündoğan
66.7%
Shinji Kagawa
66.3%
Łukasz Piszczek
65.4%
İlkay Gündoğan
65.4%
Paco Alcácer
64.4%
Łukasz Piszczek
64.1%
Shinji Kagawa
63.7%
Lukas Piszczek
62.4%
Lukas Piszczek
62%
Sven Bender
61.6%
Sven Bender
61.2%
Lukas Piszczek
61.1%
Sven Bender
60.9%
Nuri Şahin
60.3%
% Correct
Sven Bender
60%
Sokratis Papastathopoulos
59.3%
Sokratis Papastathopoulos
58.9%
Jakub Blaszczykowski
57.4%
Sokratis Papastathopoulos
57.3%
Sokratis Papastathopoulos
56.5%
Matthias Sammer
53.7%
Matthias Sammer
53.7%
Sebastian Kehl
52.4%
Sebastian Kehl
52.4%
Christian Pulišić
51.2%
Jens Lehmann
50.6%
Jens Lehmann
50.6%
Jens Lehmann
50.6%
Christian Pulišić
50.6%
Axel Witsel
50.5%
Jan Koller
50.1%
Jan Koller
50.1%
Ousmane Dembélé
49.3%
Henrikh Mkhitaryan
48.1%
Henrikh Mkhitaryan
48%
Christian Pulišić
47.8%
Tomas Rosicky
47.4%
Tomas Rosicky
47.4%
Lars Ricken
46.9%
Lars Ricken
46.8%
Lars Ricken
46.8%
Lars Ricken
46.8%
Lars Ricken
46.8%
Manuel Akanji
46.3%
Jurgen Kohler
46.2%
Jurgen Kohler
46.2%
Jurgen Kohler
46.2%
Jurgen Kohler
46.2%
Kevin Großkreutz
46.1%
Achraf Hakimi
46.1%
Ciro Immobile
46%
Kevin Großkreutz
45.8%
Andreas Möller
45.6%
Andreas Möller
45.6%
Andreas Möller
45.6%
Andreas Möller
45.6%
Stefan Klos
45.3%
Stefan Klos
45.3%
Stefan Klos
45.3%
Stephane Chapuisat
43.3%
Stephane Chapuisat
43.3%
Julian Weigl
43.2%
% Correct
Julian Weigl
42.9%
Karl-Heinz Riedle
42.7%
Dede
39.7%
Dede
39.7%
Dede
39.7%
Paul Lambert
38.9%
Erik Durm
38.9%
Marc Bartra
38.2%
Stefan Reuter
38%
Stefan Reuter
38%
Stefan Reuter
38%
Stefan Reuter
38%
Stefan Reuter
38%
Stefan Reuter
38%
Marcio Amoroso
36.5%
Abdou Diallo
36%
Raphaël Guerreiro
35.6%
Christian Wörns
33.9%
Christian Wörns
33.9%
Ömer Toprak
33.8%
Christoph Metzelder
32.7%
Matthias Ginter
32.4%
Jorg Heinrich
32.1%
Jorg Heinrich
32.1%
Ewerthon
29.3%
Torsten Frings
28.1%
Evanilson
26.3%
Evanilson
26.3%
Evanilson
26.3%
Andriy Yarmolenko
25.4%
Michael Zorc
24.6%
Heiko Herrlich
23.8%
Martin Kree
22.4%
Steffen Freund
22.3%
Steffen Freund
22.3%
Fredi Bobic
22%
Julio Cesar
20.9%
Julio Cesar
20.9%
Jeremy Toljan
18.8%
Vladimir But
17.6%
Christian Nerlinger
16.3%
Giuseppe Reina
16%
Sunday Oliseh
15.3%
Patrik Berger
14.4%
Wolfgang Feiersinger
13.9%
Jan-Derek Sørensen
12.8%
Miroslav Stevic
12.5%

You're not logged in!

Compare scores with friends on all Sporcle quizzes.
OR
Log In

Sporcle TV

Today on Sporcle TV


Watch our educational content, quiz creation guides, and fun videos on Sporcle TV.

Show Comments

Extras

Top Quizzes Today


Score Distribution

Paid Content

Your Account Isn't Verified!

In order to create a playlist on Sporcle, you need to verify the email address you used during registration. Go to your Sporcle Settings to finish the process.

Report this User

Report this user for behavior that violates our Community Guidelines.

Details: